Zavádzanie nového produktu vo vybranej spoločnosti diplomová práca

Salvato in:
Dettagli Bibliografici
Autore principale: Podobová, Denisa
Ente Autore: Fakulta podnikového manažmentu EU. Katedra podnikovohospodárska
Altri autori: Grisáková, Nora, 1978-
Natura: Libro
Lingua:slovacco
Pubblicazione: Bratislava 2020
Tags: Aggiungi Tag
Nessun Tag, puoi essere il primo ad aggiungerne!!

MARC

LEADER 00000nbm a2200000 4500
001 0266202
005 20201126150951.0
041 0 |a slo 
044 |a SK 
245 1 0 |a Zavádzanie nového produktu vo vybranej spoločnosti  |b diplomová práca  |c Denisa Podobová ; školiteľ: Nora Grisáková 
264 1 |a Bratislava  |c 2020 
300 |a 74 s. 
100 1 |a Podobová, Denisa 
700 1 |a Grisáková, Nora, 1978- 
710 2 |a Fakulta podnikového manažmentu EU. Katedra podnikovohospodárska